Les drapeaux des pays d’Afrique - Statistiques

Statistiques générales
  • Ce quiz a été pris 981 fois
  • Le résultat moyen est 37 sur 54
Statistiques - réponses
Par images Réponse % Correct
Afrique du Sud
98%
Algérie
94%
Égypte
93%
Maroc
90%
Tunisie
89%
Côte d’Ivoire
85%
Kenya
85%
Nigeria
84%
République démocratique du Congo
83%
Angola
82%
Cameroun
80%
Sénégal
78%
Cap-Vert
75%
Éthiopie
75%
Madagascar
75%
Burkina Faso
74%
Mali
73%
Seychelles
73%
Liberia
72%
Ouganda
71%
Somalie
71%
Comores
70%
Niger
70%
Bénin
69%
Ghana
69%
République du Congo
69%
Tchad
68%
Burundi
67%
Lesotho
67%
Soudan
66%
Tanzanie
66%
Libye
64%
République centrafricaine
64%
Gabon
63%
Guinée
61%
Mozambique
61%
Swaziland
61%
Togo
61%
Botswana
60%
Mauritanie
59%
Érythrée
57%
Malawi
57%
Zambie
57%
Soudan du Sud
55%
Maurice
54%
Rwanda
54%
Djibouti
53%
Guinée-Bissau
53%
Guinée équatoriale
53%
Zimbabwe
52%
Sierra Leone
49%
Namibie
48%
Gambie
45%
São Tomé-et-Principe
44%
Aucun quiz correspondant
Distribution des résultats
% des personnes avec chaque résultat
Percentile par nombre de réponses
Votre historique - résultats
Vous n’avez pas pris ce quiz